Представление документа в формате RUSMARC

ПолеНазваниеЗначение
  Тип записи a
  Библиографический уровень m
001 Контрольный номер UONB/MAIN/ae5c9aa867bf4f0f970785db9c3d0d11
005 Дата корректировки 20251121115254.4
010 Индекс ISBN __
d Цена 10 к.
9 Тираж 700 экз.
100 Данные общей обработки __
a Данные общей обработки 20240517d1967 u y0rusy0189 ca
101 Язык документа 0_
a Язык текста rus
102 Страна публикации __
a Страна публикации RU
105 Кодированные данные (монография) __
a Кодированные данные (монография) a z 000yy
200 Заглавие и сведения об ответственности 1_
a Заглавие Применение энерговыделяющих паст для химико-термической обработки
f Первые сведения об ответственности В.И. Просвирин, Г.С. Лоцманов
g Последующие сведения об ответственности Риж. ин-т инж. гражд. авиации им. Ленинского Комсомола
203 Вид содержания и тип средства __
a Вид содержания Текст
b Характеристика содержания визуальный
c Тип средства непосредственный
210 Выходные данные 1_
a Место издания Рига
c Издательство [б. и.]
d Дата издания 1967
215 Физическое описание __
a Объем 24 с.
d Формат 22 см
c Иллюстрации/тип воспроизводства ил., черт.
225 Серия 2_
a Серия Труды Рижского института инженеров гражданской авиации им. Ленинского комсомола
v Обозначение тома вып. 87
606 Тематические рубрики 0_
a Основная рубрика Экзотермические составы в химико-термической обработке
610 Ключевые слова 0_
a Ключевые слова экзотермические составы; химико-термическая обработка
675 Индекс УДК __
a Индекс УДК 6П4.514
686 Индексы других классификаций __
a Классификационный индекс 34
2 Код системы rubbk
700 Автор _1
a Фамилия Просвирин
b Имя (инициалы) В.И.
g Полное личное имя Владимир Ильич
701 Альтернативная интеллектуальная ответственность _1
a Фамилия Лоцманов
b Имя (инициалы) Г.С.
712 Наименование организации (Вторичная ответственность) 02
a Организация/ юрисдикция Рижский институт инженеров гражданской авиации им. Ленинского Комсомола
4 Код отношения 570
801 Источник записи _0
a Страна RU
b Организация Ульяновская ОНБ
c Дата составления 20240517
g Правила каталогизации RCR
801 Источник записи _1
a Страна RU
b Организация Ульяновская ОНБ
c Дата составления 20240517
g Правила каталогизации RCR
901 Тип документа __
t Тип документа m
909 Создатель записи __
a Создатель записи Полина
b Дата создания записи 20240517